000 00192nam a22000857a 4500
001 1243152
005 20251016104607.0
245 _aPETER PAN
_cJAMES MATTHEW BARRİE
260 _bAKVARYUM YAYINLARI
999 _c1243152
_d1243152